Statistics for Modern-Day Biggest Cities of the Umayyad Caliphate with Map

Click here to take the quiz!

General Stats

  • This quiz has been taken 1,340 times
    (1,091 since last reset)
  • The average score is 35 of 50

Answers on the Map

Answers color-coded by a green-red scale on the quiz's map according to % correct below.
 

Answer Stats

PopulationUrban Area% Correct
21.0mCairo
98%
6.55mMadrid
98%
4.78mBarcelona
97%
2.06mLisbon
96%
2.68mTunis
95%
5.80mAlexandria
94%
3.98mAlgiers
91%
7.00mBaghdad
91%
5.35mDubai
91%
15.3mTehran
91%
3.83mDamascus
89%
1.50mAbu Dhabi
87%
4.48mCasablanca
87%
8.05mRiyadh
87%
2.70mTel Aviv
87%
4.75mKuwait City
86%
2.13mMecca
86%
2.05mRabat
86%
1.75mBeirut
85%
1.84mValencia
84%
2.58mBaku
83%
5.60mAmman
82%
2.43mDoha
81%
1.43mMuscat
78%
2.80mSana'a
78%
4.95mJeddah
76%
17.8mKarachi
76%
1.54mMedina
75%
1.50mYerevan
73%
4.33mKabul
71%
1.35mTbilisi
69%
1.91mAleppo
67%
1.53mManama
66%
1.96mGaza
62%
3.23mTashkent
61%
1.40mMosul
54%
1.48mOran
53%
1.39mAshgabat
51%
3.20mIsfahan
51%
1.52mBasra
50%
3.20mMashhad
40%
2.50mDammam
38%
1.29mQom
38%
1.82mTabriz
37%
1.77mShiraz
36%
1.74mAdana
35%
1.67mGaziantep
33%
2.28mHyderabad
32%
2.35mPeshawar
24%
1.38mAhvaz
21%

Score Distribution

Percentile by Number Answered

Percent of People with Each Score

Your Score History

You have not taken this quiz since the last reset